000 00806nam a22001577a 4500
003 OSt
005 20161130095604.0
008 161130b xxu||||| |||| 00| 0 eng d
040 _cRUA
082 _aGRS SOK 2015 B542 Or.1
100 _911457
_aSOK KEASNA; សុខ វាសនា
245 _aThe need of tube well maintenance in water supply project ii in svay commune, samaki meanchey district, kampong chhnang province, តម្រូវការជួសជុលអណ្ដូងស្នប់របស់គម្រោងទឹកស្អាតទី២ ក្នុងឃុំស្វាយ ស្រុកសាមគ្គីមានជ័យ ខេត្តកំពង់ឆ្នាំង
260 _aPhnom Penh
_bSOK
_c2015
300 _avii,34p.
_bill.
_c29cm.
942 _2ddc
_cGRS
999 _c11012
_d11012